00413nam a2200121 a 450000100100000000500170001000800410002704000250006808200150009324500520010826001040016030000270026400002798520200930031244.0110406s19uu dr a 000 0 spa d aDO-SdBNPbspacBNPHU axxxbD422f03aEl deporte femenino a través de los siglos /. aSanto Domingo :bSecretaría de Estado de Deportes, Educación Física y Recreación,c[19--?]. a12 p. :bil. ;c22 cm.